<?xml version="1.0" encoding="UTF-8"?>
<collection xmlns="http://www.loc.gov/MARC21/slim">
<record>
  <controlfield tag="001">160067</controlfield>
  <controlfield tag="005">20250904104546.0</controlfield>
  <datafield tag="037" ind1=" " ind2=" ">
    <subfield code="a">GDOC-2024-61774</subfield>
  </datafield>
  <datafield tag="970" ind1=" " ind2=" ">
    <subfield code="a">GDOC-2024-61774</subfield>
  </datafield>
  <datafield tag="041" ind1=" " ind2=" ">
    <subfield code="a">spa</subfield>
  </datafield>
  <datafield tag="041" ind1=" " ind2=" ">
    <subfield code="a">eng</subfield>
  </datafield>
  <datafield tag="540" ind1=" " ind2=" ">
    <subfield code="a">by-nc-sa</subfield>
    <subfield code="b">Creative Commons</subfield>
    <subfield code="c">3.0</subfield>
    <subfield code="u">http://creativecommons.org/licenses/by-nc-sa/3.0/</subfield>
  </datafield>
  <datafield tag="260" ind1=" " ind2=" ">
    <subfield code="a">Zaragoza</subfield>
    <subfield code="b">Universidad de Zaragoza</subfield>
    <subfield code="c">2024-2025</subfield>
  </datafield>
  <datafield tag="245" ind1="0" ind2="0">
    <subfield code="9">61774</subfield>
    <subfield code="a">Trabajo fin de Máster</subfield>
  </datafield>
  <datafield tag="242" ind1="0" ind2="0">
    <subfield code="9">61774</subfield>
    <subfield code="a">Master's Dissertation</subfield>
  </datafield>
  <datafield tag="100" ind1=" " ind2=" ">
    <subfield code="0">(orcid)0000-0002-2291-1409</subfield>
    <subfield code="a">Daniel Belanche, Gracia</subfield>
    <subfield code="1">523652</subfield>
  </datafield>
  <datafield tag="700" ind1=" " ind2=" ">
    <subfield code="0">(orcid)0000-0003-3050-1634</subfield>
    <subfield code="a">María del Carmen Berné, Manero</subfield>
    <subfield code="1">122008</subfield>
  </datafield>
  <datafield tag="700" ind1=" " ind2=" ">
    <subfield code="0">(orcid)0000-0002-1045-6242</subfield>
    <subfield code="a">María Victoria Bordonaba, Juste</subfield>
    <subfield code="1">401424</subfield>
  </datafield>
  <datafield tag="700" ind1=" " ind2=" ">
    <subfield code="0">(orcid)0000-0003-4038-1840</subfield>
    <subfield code="a">Rafael Bravo, Gil</subfield>
    <subfield code="1">407206</subfield>
  </datafield>
  <datafield tag="700" ind1=" " ind2=" ">
    <subfield code="0">(orcid)0000-0001-6631-8909</subfield>
    <subfield code="a">Maria Isabel Buil, Carrasco</subfield>
    <subfield code="1">476519</subfield>
  </datafield>
  <datafield tag="700" ind1=" " ind2=" ">
    <subfield code="0">(orcid)0000-0002-9643-2814</subfield>
    <subfield code="a">Luis Vicente Casaló, Ariño</subfield>
    <subfield code="1">484155</subfield>
  </datafield>
  <datafield tag="700" ind1=" " ind2=" ">
    <subfield code="0">(orcid)0000-0001-5268-1723</subfield>
    <subfield code="a">Sara Catalán, Gil</subfield>
    <subfield code="1">612188</subfield>
  </datafield>
  <datafield tag="700" ind1=" " ind2=" ">
    <subfield code="0">(orcid)0000-0002-2952-0750</subfield>
    <subfield code="a">Carmen Fandos, Herrera</subfield>
    <subfield code="1">344195</subfield>
  </datafield>
  <datafield tag="700" ind1=" " ind2=" ">
    <subfield code="0">(orcid)0000-0001-5801-9386</subfield>
    <subfield code="a">Maria Consuelo González, Gil</subfield>
    <subfield code="1">390358</subfield>
  </datafield>
  <datafield tag="700" ind1=" " ind2=" ">
    <subfield code="0">(orcid)0000-0002-5487-5203</subfield>
    <subfield code="a">Raquel Gurrea, Sarasa</subfield>
    <subfield code="1">460125</subfield>
  </datafield>
  <datafield tag="700" ind1=" " ind2=" ">
    <subfield code="0">(orcid)0000-0001-8900-1701</subfield>
    <subfield code="a">Carolina Herrando, Soria</subfield>
    <subfield code="1">534695</subfield>
  </datafield>
  <datafield tag="700" ind1=" " ind2=" ">
    <subfield code="0">(orcid)0000-0003-3088-4102</subfield>
    <subfield code="a">Sergio Ibáñez, Sánchez</subfield>
    <subfield code="1">631357</subfield>
  </datafield>
  <datafield tag="700" ind1=" " ind2=" ">
    <subfield code="0">(orcid)0000-0002-9628-5738</subfield>
    <subfield code="a">Mercedes Marzo, Navarro</subfield>
    <subfield code="1">418968</subfield>
  </datafield>
  <datafield tag="700" ind1=" " ind2=" ">
    <subfield code="0">(orcid)0000-0002-2620-0639</subfield>
    <subfield code="a">Iguácel Melero, Polo</subfield>
    <subfield code="1">550815</subfield>
  </datafield>
  <datafield tag="700" ind1=" " ind2=" ">
    <subfield code="0">(orcid)0000-0002-4565-6746</subfield>
    <subfield code="a">Ana Mínguez, Penalva</subfield>
    <subfield code="1">688995</subfield>
  </datafield>
  <datafield tag="700" ind1=" " ind2=" ">
    <subfield code="0">(orcid)0000-0001-6441-2504</subfield>
    <subfield code="a">Raúl Pérez, López</subfield>
    <subfield code="1">534969</subfield>
  </datafield>
  <datafield tag="700" ind1=" " ind2=" ">
    <subfield code="0">(orcid)0000-0002-7133-4425</subfield>
    <subfield code="a">Jorge Rosell, Martínez</subfield>
    <subfield code="1">141066</subfield>
  </datafield>
  <datafield tag="700" ind1=" " ind2=" ">
    <subfield code="0">(orcid)0000-0001-5321-8052</subfield>
    <subfield code="a">Francisco Javier Sesé, Oliván</subfield>
    <subfield code="1">470225</subfield>
  </datafield>
  <datafield tag="830" ind1=" " ind2=" ">
    <subfield code="9">555</subfield>
  </datafield>
  <datafield tag="856" ind1="4" ind2=" ">
    <subfield code="s">8714</subfield>
    <subfield code="u">http://zaguan.unizar.es/record/160067/files/guia-61774-en.pdf</subfield>
    <subfield code="y">Guide (english)</subfield>
  </datafield>
  <datafield tag="856" ind1="4" ind2=" ">
    <subfield code="s">9012</subfield>
    <subfield code="u">http://zaguan.unizar.es/record/160067/files/guia-61774-es.pdf</subfield>
    <subfield code="y">Guía (idioma español)</subfield>
  </datafield>
  <datafield tag="521" ind1=" " ind2=" ">
    <subfield code="9">697</subfield>
    <subfield code="a">Máster Universitario en Dirección, Estrategia y Marketing</subfield>
    <subfield code="b">Master's in Management, Strategy and Marketing</subfield>
  </datafield>
  <datafield tag="980" ind1=" " ind2=" ">
    <subfield code="a">GDOC</subfield>
    <subfield code="b">Ciencias Sociales y Jurídicas</subfield>
    <subfield code="b">Social Sciences and Law</subfield>
    <subfield code="c">109</subfield>
  </datafield>
</record>
</collection>